Sổ tay tra cứu các loại cửa nhựa - thép

में बचाया:
ग्रंथसूची विवरण
मुख्य लेखक: Bảo Châu
स्वरूप: पुस्तक
भाषा:Undetermined
प्रकाशित: Hà Nội KHKT 2001
विषय:
टैग : टैग जोड़ें
कोई टैग नहीं, इस रिकॉर्ड को टैग करने वाले पहले व्यक्ति बनें!
Thư viện lưu trữ: Trung tâm Học liệu Trường Đại học Cần Thơ
LEADER 00650nam a2200193Ia 4500
001 CTU_40485
008 210402s9999 xx 000 0 und d
020 |b 25.000đ 
082 |a 690.182 
082 |b A107 
100 |a Bảo Châu 
245 0 |a Sổ tay tra cứu các loại cửa nhựa - thép 
245 0 |c Bảo Châu, Lý Chí Anh 
260 |a Hà Nội 
260 |b KHKT 
260 |c 2001 
650 |a buildings - design and construction,metal doors,metal wimdows,plastic doors,plastic windows,structural analysis ( engineering ) 
904 |i Minh, 010315 
980 |a Trung tâm Học liệu Trường Đại học Cần Thơ